000
00315nam a2200133Ia 4500
008
191201s2008 xx 000 0 und d
100
_a
LYNTON, Rolff P.
245
0
_a
Traning for Development
250
_a
Rep.
260
_a
N.Delhi
_b
Vistaar Publication
_c
2008
300
_a
333
650
_a
MBA
942
_2
ddc
_c
BK
999
_c
3556
_d
3556